书目信息

书名: 东方经济学 
作者: 徐元方
出版信息: 济南   山东大学出版社  2002.02
开本页数: 20cm  176页
丛书名:
单 册:
中图分类: F0
科图分类:
主题词: 市场经济--研究
电子资源:
ISBN: 7-5607-2367-5
000 00864nam0 2200265 450
001 438
005 20050829164030.09
010    @a7-5607-2367-5@dCNY14.80
100    @a20050829d2002 km y0chiy0120 ea
101 @achi
102    @aCN@b370000
105    @aa a 000yy
106    @ar
200 @a东方经济学@Adong fang jing ji xue@e市场经济之改革@f徐元方著@Fxu yuan fang zhu
210    @a济南@c山东大学出版社@d2002.02
215    @a176页@c图@d20cm
320    @a有书目 (第173-174页)。
330    @a本书包括:商品与商品交换;企业投资与盈亏;市场运行与竞争;就业与保险;资本流动;建立政府二元财政等内容。
333    @a经济决策者、经济工作者、经济理论工作者。
517 @a市场经济之改革@Ashi chang jing ji zhi gai ge
606 @a市场经济@x研究
690    @aF0@v4
701  0 @a徐元方@Axu yuan fang@4著
801  0 @aCN@bRULIN@c20050829
905    @dF0@e248
    
    东方经济学:市场经济之改革/徐元方著.-济南:山东大学出版社,2002.02
    176页:图;20cm
    使用对象:经济决策者、经济工作者、经济理论工作者。
    
    ISBN 7-5607-2367-5:CNY14.80
    本书包括:商品与商品交换;企业投资与盈亏;市场运行与竞争;就业与保险;资本流动;建立政府二元财政等内容。
相关链接 在五车中查询图书 在当当中查询图书 在豆瓣中查询图书


正题名:东方经济学     索取号:F0/248         预约/预借

序号 登录号 条形码 馆藏地/架位号 状态 备注
1 324975   300324975   海科密-1楼/9架2列6层/ [索取号:F0/248] 在馆    
2 324976   300324976   海科密-1楼/9架2列6层/ [索取号:F0/248] 在馆    
3 324977   300324977   海科密-1楼/9架2列6层/ [索取号:F0/248] 在馆    
4 324978   300324978   海科密-1楼/9架2列6层/ [索取号:F0/248] 在馆    
5 324979   300324979   海科密-1楼/9架2列6层/ [索取号:F0/248] 在馆    
6 324980   300324980   海科密-1楼/9架2列6层/ [索取号:F0/248] 在馆    
7 324981   300324981   海科密-1楼/9架2列6层/ [索取号:F0/248] 在馆    
8 324982   300324982   海科密-1楼/9架2列6层/ [索取号:F0/248] 在馆    
9 324983   300324983   海科密-1楼/9架2列6层/ [索取号:F0/248] 在馆    
10 324984   300324984   海科密-1楼/9架2列6层/ [索取号:F0/248] 在馆